000 00428pab a2200157 454500
008 180718b2008 xxu||||| |||| 00| 0 eng d
100 _aCook, Ian R.
245 _aMobilising urban policies: the policy transfer of US business improvement districts to England and Wales
260 _c2008
300 _ap.773-95.
362 _aApr
650 _aUrban development
773 _aUrban Studies
908 _aN
909 _a78055
999 _c78055
_d78055